Statistics for Les boissons

Click here to take the quiz!

General Stats

  • This quiz has been taken 76 times
  • The average score is 15 of 20

Answer Stats

EnglishFrench% Correct
beerbière
99%
champagnechampagne
97%
coffeecafé
96%
cocktailcocktail
88%
milklait
88%
watereau
87%
juicejus
87%
cidercidre
86%
teathé
84%
lemonadelimonade
83%
hot chocolatechocolat chaud
78%
gingin
77%
white winevin blanc
75%
red winevin rouge
75%
milkshakemilk-shake
74%
rumrhum
71%
whiskeywhisky
70%
soft drinksoda
28%
ginger beerbière de gingembre
9%
ginger aleginger ale
7%

Score Distribution

Percentile by Number Answered

Percent of People with Each Score

Your Score History

You have not taken this quiz